Statistics for Final Premier League Table 2020/21

Click here to take the quiz!

General Stats

  • This quiz has been taken 162 times
    (68 since last reset)
  • The average score is 16 of 20

Answer Stats

PositionAnswerWDLGDPoints% Correct
1Manchester City2756+5186
100%
2Manchester United21116+2974
100%
3Liverpool2099+2669
98%
8Arsenal18713+1661
96%
4Chelsea19109+2267
94%
5Leicester City20612+1866
94%
7Tottenham Hotspur18812+2362
94%
6West Ham United19811+1565
94%
11Aston Villa16715+955
77%
10Everton17813-159
77%
18Fulham51320-2628
77%
9Leeds United18515+859
77%
16Brighton91415-641
73%
14Crystal Palace12818-2544
71%
12Newcastle United12917-1645
71%
13Wolverhampton Wanderers12917-1645
71%
17Burnley10919-2239
69%
15Southampton12719-2143
67%
20Sheffield United7229-4323
63%
19West Bromwich Albion51122-4126
63%

Score Distribution

Percentile by Number Answered

Percent of People with Each Score

Your Score History

You have not taken this quiz since the last reset